ბათუმის შოთა რუსთაველის სახელმწიფო უნივერსიტეტის ბიბლიოთეკა

ქართქველ მწერალთა შემოქმედების სწავლების მეთოდიკურ– თემატიკური ბიბლიოგრაფია . (ბიბ.ჩანაწერი № 36572)

000 -LEADER
fixed length control field 00779nam a2200193Ia 4500
001 - CONTROL NUMBER
control field 2491
003 - CONTROL NUMBER IDENTIFIER
control field GE_BSU
008 - FIXED-LENGTH DATA ELEMENTS--GENERAL INFORMATION
fixed length control field 181216s||||||||xx |||||||||||||| ||und||
040 ## - CATALOGING SOURCE
Transcribing agency GE_BSU
080 ## - UNIVERSAL DECIMAL CLASSIFICATION NUMBER
Universal Decimal Classification number 016
100 ## - MAIN ENTRY--PERSONAL NAME
Personal name ცქვიტინიძე, დ.
245 ## - TITLE STATEMENT
Title ქართქველ მწერალთა შემოქმედების სწავლების მეთოდიკურ– თემატიკური ბიბლიოგრაფია .
260 ## - PUBLICATION, DISTRIBUTION, ETC.
Place of publication, distribution, etc. თბილისი
260 ## - PUBLICATION, DISTRIBUTION, ETC.
Date of publication, distribution, etc. 1984
300 ## - PHYSICAL DESCRIPTION
Extent 212 გვ
653 ## - INDEX TERM--UNCONTROLLED
Uncontrolled term ქართქველ მწერალთა შემოქმედების თემატიკური ბიბლიოგრაფია; .
942 ## - ADDED ENTRY ELEMENTS (KOHA)
Koha item type წიგნი
ეგზემპლარები
Withdrawn status Lost status Damaged status Not for loan Date acquired Barcode Date last seen Price effective from Koha item type
        2018-12-17 1362 2018-12-17 2018-12-17 წიგნი